• Catalogación

di Topical Term

Records bibliografici associati: 1

001 - CONTROL NUMBER

  • control field: 59909

003 - CONTROL NUMBER IDENTIFIER

  • control field: IT-RoINE

005 - DATE AND TIME OF LATEST TRANSACTION

  • control field: 20190523071643.0

008 - FIXED-LENGTH DATA ELEMENTS

  • fixed length control field: 190523|| aca||aabn | a|a d

040 ## - CATALOGING SOURCE

  • Original cataloging agency: IT-RoINE
  • Transcribing agency: IT-RoINE

150 ## - HEADING--TOPICAL TERM

  • Topical term or geographic name as entry element: Catalogación

670 ## - SOURCE DATA FOUND

  • Source citation: Work cat.: (IT-RoINE)0: Maqua, Alberto de 59907, Bibliotecas juveniles :, 1942.